| 000 | 00883pam a2200277 a 4500 | ||
|---|---|---|---|
| 001 | 2878585 | ||
| 003 | OSt | ||
| 005 | 20230419112101.0 | ||
| 008 | 860603s1987 nyua b 001 0 eng | ||
| 010 | _a 86015167 | ||
| 020 |
_a0070406804 : _c$34.95 |
||
| 040 |
_aDLC _cDLC _dDLC |
||
| 050 | 0 | 0 |
_aBF38 _b.M38 1987 |
| 082 | 0 | 0 |
_a150.1 _219 |
| 100 | 1 |
_aMarx, Melvin Herman. _937090 |
|
| 245 | 1 | 0 |
_aSystems and theories in psychology / _cMelvin H. Marx, W.A. Cronan-Hillix. |
| 260 |
_aNew York : _bMcGraw-Hill, _cc1987. |
||
| 300 |
_axvi, 489 p. : _bill. ; _c25 cm. |
||
| 440 | 0 |
_aMcGraw-Hill series in psychology _9111976 |
|
| 500 | _aIncludes indexes. | ||
| 504 | _aBibliography: p. 438-467. | ||
| 650 | 0 |
_aPsychology _xPhilosophy. _937091 |
|
| 700 | 2 |
_aHillix, William A. _q(William Allen), _d1927- _9111977 |
|
| 906 |
_a7 _bcbc _corignew _d1 _eocip _f19 _gy-gencatlg |
||
| 942 |
_2ddc _cBK |
||
| 999 |
_c2900 _d2900 |
||